| 000 | 00387cam a22001457a 4500 | ||
|---|---|---|---|
| 008 | 180718b1960 xxu||||| |||| 00| 0 eng d | ||
| 082 | _aA99 H279/H992 | ||
| 100 | _aHyde, H.M. | ||
| 245 |
_aSir Patrick Hastings: his life and cases _cby H.M. Hyde |
||
| 260 |
_aLondon _bHeinemann _c1960 |
||
| 300 | _a416p. | ||
| 440 | _abibl. | ||
| 500 | _a30/- | ||
| 650 | _aEastings, Patrick, 1880-1952 | ||
| 999 |
_c369082 _d369082 |
||